English Words of Latin Origin - Statistics

General Stats
  • This quiz has been taken 1,465 times
    1,114 since last reset
  • The average score is 18 of 25
Answer Stats
Latin word & definition English word(s) % Correct
urbs, meaning 'city' suburb, urban
87%
femina, menaing 'woman' effeminate, female, feminine
86%
finis, meaning 'limit/end' final, finish, finite
83%
porta, meaning 'gate' port, portal
81%
proximus, meaning 'nearest' approximate, proximity
80%
libera, meaning 'free' liberal, liberty
80%
vita, meaning 'life' vital, vitamin
78%
audit, meaning 'hear' audio, audition, auditorium
77%
mira, meaning 'strange' miracle, miraculous, mirage
77%
stella, meaning 'star' constellation, stellar
76%
aqua, meaning 'water' aquarium, aquatic, aqueduct
74%
capitis, meaning 'head' capital, capitol
74%
nauta, meaning 'sailor' nautical, nautilus
72%
periculosa, meaning 'dangerous' peril, perilous
71%
insula, meaning 'island' insular, insulate
67%
lumen, meaning 'light' illuminate, luminous
65%
ager, meaning 'field' agrarian, agriculture
64%
folium, meaning 'leaf' foliage, folio
64%
terra, meaning 'land/earth' terrace, terrain, terrestrial, territory
64%
trans, meaning 'across' transform, transgender, transport
64%
alta, meaning 'tall/high' altitude
61%
bona, meaning 'good' bonus, bonanza
61%
nova, meaning 'new' innovate, novel, novelty, novice
59%
lata, meaning 'wide/broad' lateral, latitude
59%
est, meaning 'is' essence, establish, estate
37%
No matching quizzes found
Score Distribution
Percent of People with Each Score
Percentile by Number Answered
Your Score History
You have not taken this quiz since the last reset